Pays d'Afrique(mort-subite) - Statistiques

Statistiques générales
  • Ce quiz a été pris 520 fois
  • Le résultat moyen est 13 sur 14
Answers on the Grid
Answers color-coded by a green-red scale on the quiz's grid according to % correct below.
Tunisie
France
Cote d'ivoire
Suriname
Algérie
USA
Canada
Mexique
Brésil
Afrique du sud
Angola
Mauritanie
Grande-Bretagne
El Salvador
Lettonie
Panama
Turquie
Libye
Argentine
Espagne
Niger
Nigeria
Belgique
Luxembourg
Maroc
Mali
Gambie
Tchad
Togo
Allemagne
 
Statistiques - réponses
Réponse % Correct
Cote d'ivoire
95%
Nigeria
95%
Afrique du sud
94%
Mali
94%
Maroc
94%
Gambie
93%
Tchad
93%
Togo
93%
Angola
92%
Niger
92%
Algérie
91%
Libye
91%
Tunisie
91%
Mauritanie
89%
Aucun quiz correspondant
Distribution des résultats
% des personnes avec chaque résultat
Percentile par nombre de réponses
Votre historique - résultats
Vous n’avez pas pris ce quiz